00254nam a2200097Ia 4500008004100000041000800041100002300049245003000072260003500102999001900137241105s9999 xx 000 0 und d aeng aLamkane B.9182115 aEcotel On An Island : Goa bFinal Year B. Arch, BNCAc2010 c360388d360388